6 paesi casuali sulla mappa del mondo in 15 secondi - Statistics

Statistiche generali
  • Questo quiz è stato fatto 332 volte
  • Il punteggio medio è 4 su 6
Risposte nella Mappa
Le risposte nella mappa del quiz sottostante sono codificate secondo una scala di colori dal rosso al verde in base alla % di persone che hanno risposto correttamente.
 
Statistiche sulle risposte
paese % Corretto
Andorra
100%
Antigua e Barbuda
100%
Arabia Saudita
100%
Argentina
100%
Armenia
100%
Australia
100%
Belize
100%
Benin
100%
Bhutan
100%
Bolivia
100%
Brasile
100%
Brunei
100%
Bulgaria
100%
Cambogia
100%
Canada
100%
Cechia
100%
Cile
100%
Cina
100%
Cipro
100%
Città del Vaticano
100%
Congo
100%
Côte d'Ivoire
100%
Cuba
100%
Danimarca
100%
Egitto
100%
Estonia
100%
Finlandia
100%
Francia
100%
Germania
100%
Giamaica
100%
Grecia
100%
Grenada
100%
Guinea
100%
Haiti
100%
India
100%
Irlanda
100%
Islanda
100%
Isole Salomone
100%
Italia
100%
Liechtenstein
100%
Lituania
100%
Malawi
100%
Messico
100%
Mongolia
100%
Mozambico
100%
Nepal
100%
Niger
100%
Norvegia
100%
Oman
100%
Papua Nuova Guinea
100%
Perù
100%
Polonia
100%
Portogallo
100%
Qatar
100%
Regno Unito
100%
Rep Dem Congo
100%
Russia
100%
Saint Vincent e Grenadine
100%
Siria
100%
Slovacchia
100%
Slovenia
100%
Somalia
100%
Sri Lanka
100%
Sudafrica
100%
Sudan
100%
Suriname
100%
Svezia
100%
Taiwan
100%
Togo
100%
Trinidad e Tobago
100%
Turchia
100%
Tuvalu
100%
Ucraina
100%
Uruguay
100%
Uzbekistan
100%
Venezuela
100%
Vietnam
100%
Ecuador
80%
Camerun
75%
Guyana
75%
Namibia
75%
Panama
75%
Romania
75%
Spagna
75%
Zambia
75%
Albania
67%
Angola
67%
Gibuti
67%
Guinea-Bissau
67%
Honduras
67%
Kiribati
67%
Liberia
67%
Madagascar
67%
Mauritania
67%
Moldavia
67%
Paraguay
60%
Sud Sudan
60%
Afghanistan
50%
Bangladesh
50%
Bielorussia
50%
Colombia
50%
Comoros
50%
Costa Rica
50%
Croazia
50%
Filippine
50%
Georgia
50%
Ghana
50%
Giappone
50%
Kazakistan
50%
Nicaragua
50%
Pakistan
50%
Palau
50%
Repubblica Centrafricana
50%
Senegal
50%
Thailandia
50%
Timor-Leste
50%
Yemen
50%
El Salvador
40%
Botswana
33%
Libano
33%
Mauritius
33%
Ruanda
33%
Sao Tome e Principe
33%
Kosovo
25%
Algeria
0%
Austria
0%
Azerbaijan
0%
Bahamas
0%
Bahrain
0%
Barbados
0%
Belgio
0%
Birmania
0%
Bosnia ed Erzegovina
0%
Burkina Faso
0%
Burundi
0%
Cabo Verde
0%
Ciad
0%
Corea del Nord
0%
Corea del Sud
0%
Dominica
0%
Emirati Arabi Uniti
0%
Eritrea
0%
Etiopia
0%
Figi
0%
Gabon
0%
Gambia
0%
Giordania
0%
Guatemala
0%
Guinea Equatoriale
0%
Indonesia
0%
Iran
0%
Iraq
0%
Isole Marshall
0%
Israele
0%
Kenya
0%
Kirghizistan
0%
Kuwait
0%
Laos
0%
Lesotho
0%
Lettonia
0%
Libia
0%
Lussemburgo
0%
Macedonia del Nord
0%
Maldive
0%
Malesia
0%
Mali
0%
Malta
0%
Marocco
0%
Micronesia
0%
Monaco
0%
Montenegro
0%
Nauru
0%
Nigeria
0%
Nuova Zelanda
0%
Paesi Bassi
0%
Repubblica Dominicana
0%
Saint Kitts e Nevis
0%
Samoa
0%
San Marino
0%
Santa Lucia
0%
Serbia
0%
Seychelles
0%
Sierra Leone
0%
Singapore
0%
Stati Uniti
0%
Svizzera
0%
Swaziland
0%
Tagikistan
0%
Tanzania
0%
Tonga
0%
Tunisia
0%
Turkmenistan
0%
Uganda
0%
Ungheria
0%
Vanuatu
0%
Zimbabwe
0%
Nessun quiz corrispondente trovato
Distribuzione punteggi
Percentuale di utenti per punteggio
Percentile per numero di risposta
I tuoi punteggi nel tempo
Non hai fatto questo quiz